[Event "Najdorf Memorial"]
[Site "Warsaw POL"]
[Date "2021.07.14"]
[Round "5.16"]
[White "Nowak, Mikolaj"]
[Black "Dzhuguryan, Tygran"]
[Result "1-0"]
[WhiteElo "2310"]
[BlackElo "2176"]
[EventDate "2021.07.10"]
[PlyCount "81"]
[LiveChessVersion "1.4.8"]

1.e4 {[%clk 1:30:54]} 1...c6 {[%clk 1:30:49]} 2.d4 {[%clk 1:31:18]} 2...d5
{[%clk 1:31:07]} 3.exd5 {[%clk 1:31:42]} 3...cxd5 {[%clk 1:31:35]} 4.c4 {[%clk
1:32:05]} 4...Nf6 {[%clk 1:31:55]} 5.Nc3 {[%clk 1:32:30]} 5...e6 {[%clk
1:31:33]} 6.Nf3 {[%clk 1:32:52]} 6...Bb4 {[%clk 1:31:57]} 7.cxd5 {[%clk
1:33:15]} 7...Nxd5 {[%clk 1:32:20]} 8.Qc2 {[%clk 1:33:34]} 8...Nc6 {[%clk
1:30:26]} 9.a3 {[%clk 1:33:53]} 9...Be7 {[%clk 1:30:31]} 10.Bd3 {[%clk 1:34:06]}
10...Bf6 {[%clk 1:21:28]} 11.O-O {[%clk 1:33:43]} 11...Nxc3 {[%clk 1:19:11]}
12.bxc3 {[%clk 1:34:02]} 12...h6 {[%clk 1:19:39]} 13.Re1 {[%clk 1:29:42]}
13...O-O {[%clk 1:19:59]} 14.Qe2 {[%clk 1:28:28]} 14...Qd5 {[%clk 1:10:46]}
15.Rb1 {[%clk 1:16:54]} 15...a6 {[%clk 1:09:28]} 16.Bb2 {[%clk 0:52:00]}
16...Rb8 {[%clk 0:46:44]} 17.c4 {[%clk 0:48:22]} 17...Qd6 {[%clk 0:46:26]}
18.Rbd1 {[%clk 0:45:03]} 18...Ne7 {[%clk 0:36:23]} 19.Qe4 {[%clk 0:36:30]}
19...Ng6 {[%clk 0:36:49]} 20.Ne5 {[%clk 0:35:03]} 20...Bxe5 {[%clk 0:37:05]}
21.dxe5 {[%clk 0:35:23]} 21...Qe7 {[%clk 0:35:00]} 22.Bd4 {[%clk 0:28:35]}
22...Bd7 {[%clk 0:34:43]} 23.Ba7 {[%clk 0:26:27]} 23...Ra8 {[%clk 0:32:11]}
24.Bb6 {[%clk 0:18:57]} 24...Ba4 {[%clk 0:27:36]} 25.Rd2 {[%clk 0:14:24]}
25...Rfc8 {[%clk 0:25:40]} 26.c5 {[%clk 0:14:10]} 26...Bc6 {[%clk 0:26:03]}
27.Qg4 {[%clk 0:12:08]} 27...Qe8 {[%clk 0:24:08]} 28.Re3 {[%clk 0:10:31]}
28...Ne7 {[%clk 0:23:22]} 29.Rg3 {[%clk 0:10:15]} 29...g6 {[%clk 0:20:38]}
30.h4 {[%clk 0:09:57]} 30...Nf5 {[%clk 0:20:45]} 31.Bxf5 {[%clk 0:09:36]}
31...exf5 {[%clk 0:21:12]} 32.Qxf5 {[%clk 0:09:49]} 32...Bb5 {[%clk 0:19:20]}
33.Rd6 {[%clk 0:08:44]} 33...Rc6 {[%clk 0:19:32]} 34.h5 {[%clk 0:07:37]}
34...Rxd6 {[%clk 0:19:33]} 35.cxd6 {[%clk 0:07:44]} 35...Kh7 {[%clk 0:13:35]}
36.Qf6 {[%clk 0:07:23]} 36...Bd7 {[%clk 0:13:57]} 37.hxg6+ {[%clk 0:06:45]}
37...fxg6 {[%clk 0:14:25]} 38.e6 {[%clk 0:05:47]} 38...Qxe6 {[%clk 0:14:39]}
39.Qxe6 {[%clk 0:06:11]} 39...Bxe6 {[%clk 0:15:04]} 40.Re3 {[%clk 0:36:32]}
40...Re8 {[%clk 0:41:45]} 41.Rxe6 {[%clk 0:36:47]} 1-0

[Event "Najdorf Memorial"]
[Site "Warsaw POL"]
[Date "2021.07.14"]
[Round "5.17"]
[White "Kaczmarek, Arkadiusz"]
[Black "Seemann, Jakub"]
[Result "1/2-1/2"]
[WhiteElo "2147"]
[BlackElo "2300"]
[EventDate "2021.07.10"]
[PlyCount "70"]
[LiveChessVersion "1.4.8"]

1.d4 {[%clk 1:30:56]} 1...d5 {[%clk 1:30:55]} 2.c4 {[%clk 1:31:03]} 2...c6
{[%clk 1:31:22]} 3.Nc3 {[%clk 1:31:08]} 3...Nf6 {[%clk 1:31:46]} 4.Nf3 {[%clk
1:31:13]} 4...e6 {[%clk 1:32:11]} 5.Bg5 {[%clk 1:30:14]} 5...dxc4 {[%clk
1:32:32]} 6.e4 {[%clk 1:30:06]} 6...b5 {[%clk 1:32:07]} 7.e5 {[%clk 1:30:24]}
7...h6 {[%clk 1:32:33]} 8.Bh4 {[%clk 1:30:04]} 8...g5 {[%clk 1:32:57]} 9.exf6
{[%clk 1:29:07]} 9...gxh4 {[%clk 1:33:22]} 10.Ne5 {[%clk 1:29:14]} 10...Qxf6
{[%clk 1:33:38]} 11.g3 {[%clk 1:29:28]} 11...Bb7 {[%clk 1:34:02]} 12.Bg2 {[%clk
1:29:33]} 12...h3 {[%clk 1:34:11]} 13.Be4 {[%clk 1:28:02]} 13...Bd6 {[%clk
1:24:11]} 14.f4 {[%clk 1:20:43]} 14...Bxe5 {[%clk 0:58:51]} 15.dxe5 {[%clk
1:10:36]} 15...Qe7 {[%clk 0:57:08]} 16.Qf3 {[%clk 1:09:23]} 16...Qc5 {[%clk
0:35:56]} 17.O-O-O {[%clk 0:33:35]} 17...Nd7 {[%clk 0:23:43]} 18.Rd6 {[%clk
0:31:51]} 18...b4 {[%clk 0:23:37]} 19.Rhd1 {[%clk 0:28:26]} 19...Nb6 {[%clk
0:14:05]} 20.Bxc6+ {[%clk 0:23:29]} 20...Bxc6 {[%clk 0:09:12]} 21.Rxc6 {[%clk
0:23:43]} 21...Qa5 {[%clk 0:09:16]} 22.Ne4 {[%clk 0:08:55]} 22...Qxa2 {[%clk
0:06:39]} 23.Qh5 {[%clk 0:00:58]} 23...Qa1+ {[%clk 0:06:11]} 24.Kd2 {[%clk
0:01:27]} 24...Rd8+ {[%clk 0:04:05]} 25.Nd6+ {[%clk 0:01:55]} 25...Rxd6+ {[%clk
0:04:28]} 26.Rxd6 {[%clk 0:02:14]} 26...Qxb2+ {[%clk 0:04:08]} 27.Ke1 {[%clk
0:02:42]} 27...Nd5 {[%clk 0:02:28]} 28.Rxe6+ {[%clk 0:02:20]} 28...Kf8 {[%clk
0:02:05]} 29.Rd6 {[%clk 0:00:34]} 29...Qc3+ {[%clk 0:01:03]} 30.Rd2 {[%clk
0:01:03]} 30...Qe3+ {[%clk 0:00:39]} 31.Qe2 {[%clk 0:00:36]} 31...Qg1+ {[%clk
0:00:54]} 32.Qf1 Qe3+ {[%clk 0:01:09]} 33.Qe2 {[%clk 0:00:56]} 33...Qg1+ {[%clk
0:00:35]} 34.Qf1 {[%clk 0:01:25]} 34...Qe3+ {[%clk 0:00:39]} 35.Qe2 {[%clk
0:00:38]} 35...Qg1+ {[%clk 0:00:44]} 1/2-1/2

[Event "Najdorf Memorial"]
[Site "Warsaw POL"]
[Date "2021.07.14"]
[Round "5.18"]
[White "Luberanski, Jakub"]
[Black "Kacprzak, Karol"]
[Result "1/2-1/2"]
[WhiteElo "2274"]
[BlackElo "2151"]
[EventDate "2021.07.10"]
[PlyCount "65"]
[LiveChessVersion "1.4.8"]

1.d4 {[%clk 1:30:57]} 1...Nf6 {[%clk 1:30:53]} 2.c4 {[%clk 1:31:24]} 2...e6
{[%clk 1:31:15]} 3.Qc2 {[%clk 1:31:51]} 3...Bb4+ {[%clk 1:24:45]} 4.Bd2 {[%clk
1:32:04]} 4...Bxd2+ {[%clk 1:22:41]} 5.Nxd2 {[%clk 1:32:30]} 5...d6 {[%clk
1:14:16]} 6.Ngf3 {[%clk 1:32:06]} 6...O-O {[%clk 1:12:12]} 7.e4 {[%clk 1:31:47]}
7...c5 {[%clk 1:07:30]} 8.dxc5 {[%clk 1:22:55]} 8...dxc5 {[%clk 1:05:34]} 9.e5
{[%clk 1:14:41]} 9...Nfd7 {[%clk 1:05:26]} 10.O-O-O {[%clk 1:10:26]} 10...Nc6
{[%clk 0:58:14]} 11.Ne4 {[%clk 0:50:40]} 11...Qc7 {[%clk 0:44:21]} 12.Nfg5
{[%clk 0:37:00]} 12...Qxe5 {[%clk 0:40:22]} 13.Rxd7 {[%clk 0:25:23]} 13...f5
{[%clk 0:39:41]} 14.Rd1 {[%clk 0:20:36]} 14...fxe4 {[%clk 0:38:53]} 15.Nxe4
{[%clk 0:20:38]} 15...Nd4 {[%clk 0:32:56]} 16.Qb1 {[%clk 0:20:11]} 16...b6
{[%clk 0:31:09]} 17.Bd3 {[%clk 0:19:13]} 17...Bb7 {[%clk 0:31:13]} 18.Rhe1
{[%clk 0:16:28]} 18...Rad8 {[%clk 0:26:58]} 19.g3 {[%clk 0:12:39]} 19...Qh5
{[%clk 0:14:37]} 20.f4 {[%clk 0:07:57]} 20...Bxe4 {[%clk 0:11:48]} 21.Rxe4
{[%clk 0:08:10]} 21...h6 {[%clk 0:10:15]} 22.Rd2 {[%clk 0:06:28]} 22...Rd6
{[%clk 0:08:21]} 23.Re3 {[%clk 0:05:32]} 23...Qf7 {[%clk 0:06:23]} 24.Bg6
{[%clk 0:05:13]} 24...Qf6 {[%clk 0:06:33]} 25.Qe4 {[%clk 0:05:00]} 25...Rfd8
{[%clk 0:06:23]} 26.Red3 {[%clk 0:05:03]} 26...Kh8 {[%clk 0:04:10]} 27.Kb1
{[%clk 0:05:18]} 27...R6d7 {[%clk 0:03:17]} 28.h4 {[%clk 0:05:15]} 28...Re7
{[%clk 0:03:30]} 29.Re3 {[%clk 0:04:54]} 29...Rf8 {[%clk 0:03:32]} 30.Rd1
{[%clk 0:04:29]} 30...Rd8 {[%clk 0:01:57]} 31.a3 {[%clk 0:04:17]} 31...Red7
{[%clk 0:02:03]} 32.h5 {[%clk 0:04:05]} 32...a5 {[%clk 0:02:08]} 33.Ka2 {[%clk
0:03:30]} 1/2-1/2

[Event "Najdorf Memorial"]
[Site "Warsaw POL"]
[Date "2021.07.14"]
[Round "5.19"]
[White "Gumularz, Szymon"]
[Black "Podgorski, Maciej"]
[Result "1-0"]
[WhiteElo "2515"]
[BlackElo "1908"]
[EventDate "2021.07.10"]
[PlyCount "91"]
[LiveChessVersion "1.4.8"]

1.d4 Nf6 2.Bf4 g6 3.Nc3 d5 4.e3 Bg7 5.h4 c5 6.Nb5 Na6 7.c3 Bf5 8.Be2 Qd7 9.Nf3
Ng4 10.h5 O-O 11.Nh4 Be6 12.a4 Rfc8 13.f3 Nf6 14.g4 Nb8 15.dxc5 Rxc5 16.Nd4 Nc6
17.Nb3 b6 18.Bd3 Rd8 19.Ng2 Qb7 20.Qe2 Bc8 21.hxg6 hxg6 22.Bb5 Ne8 23.Rd1 e5
24.Bg5 Rd6 25.Nxc5 bxc5 26.Bxc6 Qxc6 27.Qb5 Qxb5 28.axb5 f6 29.Bh4 Nc7 30.c4 d4
31.O-O a6 32.b4 axb5 33.bxc5 Rd8 34.exd4 exd4 35.Bg3 Ne6 36.cxb5 Nxc5 37.Nf4 g5
38.Nd3 Nxd3 39.Rxd3 f5 40.Ra1 fxg4 41.Ra8 Bf6 42.Bc7 Rf8 43.Rxc8 Rxc8 44.b6
gxf3 45.b7 Re8 46.Rxf3 1-0

[Event "Najdorf Memorial"]
[Site "Warsaw POL"]
[Date "2021.07.14"]
[Round "5.20"]
[White "Praczukowski, Stanislaw"]
[Black "Kanarek, Marcel"]
[Result "0-1"]
[WhiteElo "2156"]
[BlackElo "2498"]
[EventDate "2021.07.10"]
[PlyCount "109"]
[LiveChessVersion "1.4.8"]

1.e4 c5 2.Nf3 d6 3.d4 cxd4 4.Nxd4 Nf6 5.Nc3 e6 6.Be3 a6 7.f3 Qc7 8.Qd2 b5 9.g4
Bb7 10.O-O-O Nfd7 11.Bxb5 axb5 12.Ndxb5 Qc6 13.Nxd6+ Bxd6 14.Qxd6 Qxd6 15.Rxd6
Ne5 16.Rhd1 O-O 17.Bc5 Na6 18.Ba3 Nc4 19.Rxa6 Bxa6 20.Bxf8 Kxf8 21.g5 Ne5 22.f4
Ng6 23.f5 Ne5 24.b4 Rb8 25.Rd6 Bc4 26.a3 Ke7 27.Rd4 Rd8 28.Rxd8 Kxd8 29.Kd2
Nf3+ 30.Ke3 Nxh2 31.Kd4 Bf1 32.fxe6 fxe6 33.Ke5 Nf3+ 34.Kxe6 Nxg5+ 35.Kf5 Nf3
36.Nd5 Nd4+ 37.Ke5 Nxc2 38.a4 h5 39.b5 h4 40.b6 Kc8 41.Kf4 g5+ 42.Kg4 Be2+
43.Kh3 Bf3 44.Nf6 Ne3 45.a5 Kb7 46.e5 Bd5 47.Nxd5 Nxd5 48.Kg4 Nf4 49.Kf3 Ne6
50.Kg4 Kc6 51.Kh3 Nc5 52.Kg4 Kd7 53.Kh3 Ke6 54.b7 Na6 55.b8=B 0-1

[Event "Najdorf Memorial"]
[Site "Warsaw POL"]
[Date "2021.07.14"]
[Round "5.21"]
[White "Kjartansson, Gudmundur"]
[Black "Piekielny, Pawel"]
[Result "1-0"]
[WhiteElo "2496"]
[BlackElo "2150"]
[EventDate "2021.07.10"]
[PlyCount "73"]
[LiveChessVersion "1.4.8"]

1.d4 {[%clk 1:30:57]} 1...Nf6 {[%clk 1:30:53]} 2.Nf3 {[%clk 1:31:13]} 2...e6
{[%clk 1:31:18]} 3.g3 {[%clk 1:30:27]} 3...b5 {[%clk 1:31:17]} 4.Bg5 {[%clk
1:30:38]} 4...Bb7 {[%clk 1:30:51]} 5.Nbd2 {[%clk 1:30:55]} 5...h6 {[%clk
1:28:53]} 6.Bxf6 {[%clk 1:31:12]} 6...Qxf6 {[%clk 1:28:56]} 7.e4 {[%clk
1:31:27]} 7...b4 {[%clk 1:23:22]} 8.Bd3 {[%clk 1:20:42]} 8...Qd8 {[%clk
1:13:12]} 9.c4 {[%clk 1:18:30]} 9...c5 {[%clk 1:09:35]} 10.d5 {[%clk 1:18:18]}
10...g5 {[%clk 1:01:55]} 11.Qc2 {[%clk 1:09:01]} 11...Bg7 {[%clk 1:00:57]}
12.h4 {[%clk 1:00:29]} 12...g4 {[%clk 0:54:59]} 13.Nh2 {[%clk 0:59:56]}
13...Qf6 {[%clk 0:43:08]} 14.O-O-O {[%clk 0:58:48]} 14...h5 {[%clk 0:38:45]}
15.f3 {[%clk 0:54:23]} 15...d6 {[%clk 0:38:32]} 16.fxg4 {[%clk 0:54:09]}
16...hxg4 {[%clk 0:38:56]} 17.Rdf1 {[%clk 0:49:03]} 17...Qe7 {[%clk 0:38:52]}
18.Nxg4 {[%clk 0:48:59]} 18...Nd7 {[%clk 0:39:20]} 19.Qa4 {[%clk 0:37:39]}
19...O-O-O {[%clk 0:36:04]} 20.Qxa7 {[%clk 0:29:56]} 20...Kc7 {[%clk 0:35:43]}
21.Qa5+ {[%clk 0:28:40]} 21...Nb6 {[%clk 0:35:42]} 22.Qb5 {[%clk 0:28:18]}
22...Ra8 {[%clk 0:34:42]} 23.e5 {[%clk 0:26:00]} 23...Bxe5 {[%clk 0:24:38]}
24.Nxe5 {[%clk 0:26:09]} 24...dxe5 {[%clk 0:25:07]} 25.d6+ {[%clk 0:17:56]}
25...Qxd6 {[%clk 0:25:27]} 26.Rxf7+ {[%clk 0:18:19]} 26...Nd7 {[%clk 0:20:31]}
27.Ne4 {[%clk 0:17:11]} 27...Bxe4 {[%clk 0:15:56]} 28.Bxe4 {[%clk 0:17:04]}
28...Rxa2 {[%clk 0:16:02]} 29.Qb7+ {[%clk 0:15:19]} 29...Kd8 {[%clk 0:16:24]}
30.Kb1 {[%clk 0:13:34]} 30...Ra5 {[%clk 0:09:12]} 31.Rxd7+ {[%clk 0:11:16]}
31...Qxd7 {[%clk 0:09:41]} 32.Qb6+ {[%clk 0:08:10]} 32...Ke7 {[%clk 0:03:36]}
33.Qxa5 {[%clk 0:08:30]} 33...Rc8 {[%clk 0:04:00]} 34.Kc1 {[%clk 0:06:56]}
34...Kf8 {[%clk 0:01:57]} 35.Rd1 {[%clk 0:06:39]} 35...Qg7 {[%clk 0:01:53]}
36.Rd8+ {[%clk 0:06:47]} 36...Ke7 {[%clk 0:01:21]} 37.Qa7+ {[%clk 0:06:43]} 1-0

[Event "Najdorf Memorial"]
[Site "Warsaw POL"]
[Date "2021.07.14"]
[Round "5.22"]
[White "Adamski, Jan"]
[Black "Licznerski, Lukasz"]
[Result "0-1"]
[WhiteElo "2145"]
[BlackElo "2400"]
[EventDate "2021.07.10"]
[PlyCount "86"]
[LiveChessVersion "1.4.8"]

1.Nf3 {[%clk 1:30:57]} 1...Nf6 {[%clk 1:25:55]} 2.c4 {[%clk 1:30:34]} 2...g6
{[%clk 1:24:38]} 3.Nc3 {[%clk 1:29:33]} 3...Bg7 {[%clk 1:21:53]} 4.e4 {[%clk
1:28:05]} 4...c5 {[%clk 1:22:19]} 5.d4 {[%clk 1:27:24]} 5...cxd4 {[%clk
1:22:46]} 6.Nxd4 {[%clk 1:27:48]} 6...Nc6 {[%clk 1:22:41]} 7.Be3 {[%clk
1:27:05]} 7...d6 {[%clk 1:23:08]} 8.Be2 {[%clk 1:24:54]} 8...O-O {[%clk
1:23:33]} 9.Qd2 {[%clk 1:22:39]} 9...Bd7 {[%clk 1:21:51]} 10.f3 {[%clk 1:20:41]}
10...Nxd4 {[%clk 1:22:01]} 11.Bxd4 {[%clk 1:20:54]} 11...a5 {[%clk 1:22:23]}
12.b3 {[%clk 1:09:05]} 12...Bc6 {[%clk 1:21:44]} 13.O-O {[%clk 1:05:57]}
13...Nd7 {[%clk 1:22:11]} 14.Bf2 {[%clk 1:06:05]} 14...Nc5 {[%clk 1:22:22]}
15.Rab1 {[%clk 1:02:11]} 15...Be5 {[%clk 1:18:45]} 16.Rfd1 {[%clk 0:57:24]}
16...e6 {[%clk 1:18:10]} 17.Nb5 {[%clk 0:41:47]} 17...Bxb5 {[%clk 1:10:39]}
18.Bxc5 {[%clk 0:36:19]} 18...Bxc4 {[%clk 1:00:06]} 19.Bxc4 {[%clk 0:30:29]}
19...dxc5 {[%clk 1:00:33]} 20.Qxd8 {[%clk 0:30:44]} 20...Rfxd8 {[%clk 0:59:48]}
21.a4 {[%clk 0:28:51]} 21...Rd4 {[%clk 0:47:21]} 22.Rxd4 {[%clk 0:25:30]}
22...cxd4 {[%clk 0:47:46]} 23.g3 {[%clk 0:22:13]} 23...Bd6 {[%clk 0:41:41]}
24.f4 {[%clk 0:20:41]} 24...Bb4 {[%clk 0:40:00]} 25.Rd1 {[%clk 0:19:13]}
25...Rc8 {[%clk 0:38:56]} 26.Kf1 {[%clk 0:12:26]} 26...Bc3 {[%clk 0:37:13]}
27.Ke2 {[%clk 0:10:27]} 27...Kf8 {[%clk 0:34:28]} 28.Rf1 {[%clk 0:05:31]}
28...Ke7 {[%clk 0:30:44]} 29.e5 {[%clk 0:05:16]} 29...h5 {[%clk 0:15:22]}
30.Kd3 {[%clk 0:04:22]} 30...Kd7 {[%clk 0:15:18]} 31.h3 {[%clk 0:02:54]}
31...Rh8 {[%clk 0:12:01]} 32.Rf3 {[%clk 0:02:33]} 32...Kc6 {[%clk 0:06:29]}
33.g4 {[%clk 0:01:01]} 33...hxg4 {[%clk 0:06:52]} 34.hxg4 {[%clk 0:01:29]}
34...Rh1 {[%clk 0:06:59]} 35.f5 {[%clk 0:00:56]} 35...Rd1+ {[%clk 0:04:30]}
36.Kc2 {[%clk 0:00:44]} 36...Rd2+ {[%clk 0:04:55]} 37.Kc1 {[%clk 0:01:06]}
37...Kc5 {[%clk 0:04:03]} 38.fxe6 {[%clk 0:01:15]} 38...fxe6 {[%clk 0:04:29]}
39.Bxe6 {[%clk 0:01:21]} 39...Re2 {[%clk 0:03:28]} 40.Bc4 {[%clk 0:30:58]}
40...Rxe5 {[%clk 0:33:16]} 41.Rf6 {[%clk 0:23:40]} 41...d3 {[%clk 0:28:23]}
42.Re6 {[%clk 0:22:12]} 42...Re1+ {[%clk 0:28:43]} 43.Rxe1 {[%clk 0:22:31]}
43...d2+ {[%clk 0:29:10]} 0-1

[Event "Najdorf Memorial"]
[Site "Warsaw POL"]
[Date "2021.07.14"]
[Round "5.23"]
[White "Cukrowski, Filip"]
[Black "Musial, Tomasz"]
[Result "1/2-1/2"]
[WhiteElo "2389"]
[BlackElo "2121"]
[EventDate "2021.07.10"]
[PlyCount "60"]
[LiveChessVersion "1.4.8"]

1.d4 {[%clk 1:28:26]} 1...e6 {[%clk 1:30:43]} 2.c4 {[%clk 1:28:49]} 2...Nf6
{[%clk 1:31:08]} 3.Nf3 {[%clk 1:29:13]} 3...d5 {[%clk 1:30:17]} 4.Nc3 {[%clk
1:29:07]} 4...c5 {[%clk 1:30:16]} 5.cxd5 {[%clk 1:22:51]} 5...Nxd5 {[%clk
1:30:14]} 6.e4 {[%clk 1:21:26]} 6...Nxc3 {[%clk 1:30:38]} 7.bxc3 {[%clk
1:21:53]} 7...cxd4 {[%clk 1:31:02]} 8.cxd4 {[%clk 1:22:07]} 8...Bb4+ {[%clk
1:31:26]} 9.Bd2 {[%clk 1:22:26]} 9...Bxd2+ {[%clk 1:31:51]} 10.Qxd2 {[%clk
1:22:51]} 10...O-O {[%clk 1:31:00]} 11.Bc4 {[%clk 1:14:44]} 11...Nd7 {[%clk
1:31:22]} 12.O-O {[%clk 1:14:35]} 12...b6 {[%clk 1:31:46]} 13.Rad1 {[%clk
1:04:50]} 13...Bb7 {[%clk 1:31:33]} 14.Rfe1 {[%clk 1:04:10]} 14...Rc8 {[%clk
1:31:55]} 15.Bb3 {[%clk 1:03:57]} 15...Re8 {[%clk 1:28:23]} 16.d5 {[%clk
0:50:53]} 16...exd5 {[%clk 1:27:12]} 17.Bxd5 {[%clk 0:47:11]} 17...Bxd5 {[%clk
1:22:37]} 18.exd5 {[%clk 0:47:21]} 18...Rxe1+ {[%clk 1:22:15]} 19.Rxe1 {[%clk
0:37:26]} 19...Nf6 {[%clk 1:16:17]} 20.d6 {[%clk 0:08:27]} 20...Rc6 {[%clk
1:14:08]} 21.Rd1 {[%clk 0:07:44]} 21...Ne4 {[%clk 1:12:32]} 22.Qf4 {[%clk
0:06:42]} 22...Rxd6 {[%clk 1:09:46]} 23.Rxd6 {[%clk 0:05:37]} 23...Nxd6 {[%clk
1:10:09]} 24.h4 {[%clk 0:05:58]} 24...h6 {[%clk 1:04:40]} 25.Qa4 {[%clk
0:03:40]} 25...Qc7 {[%clk 1:02:42]} 26.g3 {[%clk 0:03:52]} 26...b5 {[%clk
0:58:23]} 27.Qd4 {[%clk 0:04:07]} 27...Nc4 {[%clk 0:57:25]} 28.Qd5 {[%clk
0:04:22]} 28...Qb8 {[%clk 0:39:28]} 29.Nd4 {[%clk 0:04:18]} 29...Qe5 {[%clk
0:32:21]} 30.Qxe5 {[%clk 0:04:02]} 30...h5 1/2-1/2

[Event "Najdorf Memorial"]
[Site "Warsaw POL"]
[Date "2021.07.14"]
[Round "5.24"]
[White "Suvorov, Alexander"]
[Black "Liberadzki, Slawomir"]
[Result "1-0"]
[WhiteElo "2353"]
[BlackElo "2022"]
[EventDate "2021.07.10"]
[PlyCount "101"]
[LiveChessVersion "1.4.8"]

1.d4 {[%clk 1:30:58]} 1...d5 {[%clk 1:20:19]} 2.c4 {[%clk 1:31:13]} 2...e6
{[%clk 1:20:40]} 3.Nc3 {[%clk 1:31:30]} 3...Nf6 {[%clk 1:20:59]} 4.cxd5 {[%clk
1:31:41]} 4...exd5 {[%clk 1:20:19]} 5.Bg5 {[%clk 1:31:45]} 5...Be7 {[%clk
1:20:42]} 6.e3 {[%clk 1:31:44]} 6...O-O {[%clk 1:19:46]} 7.Bd3 {[%clk 1:31:53]}
7...h6 {[%clk 1:19:44]} 8.Bh4 {[%clk 1:31:05]} 8...c6 {[%clk 1:19:22]} 9.Qc2
{[%clk 1:30:43]} 9...Re8 {[%clk 1:16:25]} 10.Nge2 {[%clk 1:30:31]} 10...b6
{[%clk 1:12:04]} 11.O-O {[%clk 1:29:23]} 11...Bb7 {[%clk 1:08:14]} 12.Rad1
{[%clk 1:28:34]} 12...Na6 {[%clk 1:06:12]} 13.a3 {[%clk 1:27:20]} 13...Ne4
{[%clk 0:59:30]} 14.Bxe7 {[%clk 1:25:14]} 14...Qxe7 {[%clk 0:58:58]} 15.Bxe4
{[%clk 1:23:22]} 15...dxe4 {[%clk 0:59:20]} 16.Ng3 {[%clk 1:23:29]} 16...c5
{[%clk 0:53:35]} 17.d5 {[%clk 1:23:07]} 17...Rad8 {[%clk 0:53:47]} 18.Ngxe4
{[%clk 1:22:57]} 18...Qe5 {[%clk 0:51:35]} 19.Qa4 {[%clk 1:12:38]} 19...Nc7
{[%clk 0:29:03]} 20.Qxa7 {[%clk 1:06:57]} 20...Bxd5 {[%clk 0:27:38]} 21.Qxb6
{[%clk 1:00:11]} 21...Rb8 {[%clk 0:16:33]} 22.Qxc5 {[%clk 0:56:19]} 22...Bxe4
{[%clk 0:16:03]} 23.Nxe4 {[%clk 0:56:25]} 23...Qxe4 {[%clk 0:15:11]} 24.Qxc7
{[%clk 0:56:47]} 24...Rxb2 {[%clk 0:14:35]} 25.Rd4 {[%clk 0:55:20]} 25...Qg6
{[%clk 0:13:53]} 26.h3 {[%clk 0:51:24]} 26...Ra2 {[%clk 0:11:27]} 27.Ra4 {[%clk
0:33:33]} 27...Qd3 {[%clk 0:07:36]} 28.Ra7 {[%clk 0:32:08]} 28...Qb3 {[%clk
0:07:57]} 29.Qd7 {[%clk 0:31:06]} 29...Rb8 {[%clk 0:08:16]} 30.a4 {[%clk
0:30:29]} 30...g6 {[%clk 0:05:44]} 31.Qd4 {[%clk 0:23:36]} 31...Qb6 {[%clk
0:04:52]} 32.Qd5 {[%clk 0:18:38]} 32...Qxa7 {[%clk 0:04:47]} 33.Qxa2 {[%clk
0:19:06]} 33...Ra8 {[%clk 0:04:28]} 34.Rd1 {[%clk 0:17:51]} 34...Qa5 {[%clk
0:03:12]} 35.Rd4 {[%clk 0:16:01]} 35...Rc8 {[%clk 0:03:21]} 36.Qd2 {[%clk
0:15:37]} 36...Qe5 {[%clk 0:03:14]} 37.Rd8+ {[%clk 0:14:42]} 37...Rxd8 {[%clk
0:03:39]} 38.Qxd8+ {[%clk 0:15:10]} 38...Kh7 {[%clk 0:04:03]} 39.Qd4 {[%clk
0:15:01]} 39...Qa5 {[%clk 0:04:28]} 40.e4 {[%clk 0:44:12]} 40...Qe1+ {[%clk
0:34:14]} 41.Kh2 {[%clk 0:44:06]} 41...h5 {[%clk 0:31:31]} 42.h4 {[%clk
0:43:17]} 42...Kg8 {[%clk 0:31:23]} 43.g3 {[%clk 0:41:05]} 43...Kh7 {[%clk
0:30:06]} 44.Kg2 {[%clk 0:39:00]} 44...Qa5 {[%clk 0:29:33]} 45.Qd5 {[%clk
0:33:07]} 45...Qxa4 {[%clk 0:29:47]} 46.Qxf7+ {[%clk 0:33:34]} 46...Kh6 {[%clk
0:30:08]} 47.Qe7 {[%clk 0:32:32]} 47...Qc6 {[%clk 0:30:14]} 48.Kh2 {[%clk
0:31:55]} 48...Qc2 {[%clk 0:30:31]} 49.Qf8+ {[%clk 0:32:03]} 49...Kh7 {[%clk
0:30:55]} 50.Qf7+ {[%clk 0:32:23]} 50...Kh6 {[%clk 0:31:08]} 51.e5 {[%clk
0:32:45]} 1-0

[Event "Najdorf Memorial"]
[Site "Warsaw POL"]
[Date "2021.07.14"]
[Round "5.25"]
[White "Reza, Wojciech"]
[Black "Kacprzak, Kacper"]
[Result "1/2-1/2"]
[WhiteElo "2304"]
[BlackElo "2075"]
[EventDate "2021.07.10"]
[PlyCount "33"]
[LiveChessVersion "1.4.8"]

1.c4 {[%clk 1:25:26]} 1...Nf6 {[%clk 1:30:55]} 2.Nc3 {[%clk 1:25:49]} 2...e6
{[%clk 1:31:18]} 3.d4 {[%clk 1:23:18]} 3...Bb4 {[%clk 1:31:42]} 4.e3 {[%clk
1:21:02]} 4...O-O {[%clk 1:32:06]} 5.Ne2 {[%clk 1:21:13]} 5...b6 {[%clk
1:20:06]} 6.a3 {[%clk 1:20:44]} 6...Bxc3+ {[%clk 1:20:28]} 7.Nxc3 {[%clk
1:21:08]} 7...Bb7 {[%clk 1:20:54]} 8.Bd3 {[%clk 1:02:46]} 8...c5 {[%clk
1:13:57]} 9.d5 {[%clk 0:57:21]} 9...exd5 {[%clk 1:05:51]} 10.cxd5 {[%clk
0:56:39]} 10...b5 {[%clk 1:05:02]} 11.Bxb5 {[%clk 0:34:32]} 11...Nxd5 {[%clk
1:00:31]} 12.Nxd5 {[%clk 0:34:14]} 12...Bxd5 {[%clk 1:00:51]} 13.Qxd5 {[%clk
0:31:14]} 13...Qa5+ {[%clk 1:01:15]} 14.b4 {[%clk 0:26:02]} 14...Qxb5 {[%clk
1:01:38]} 15.Qxc5 {[%clk 0:25:36]} 15...Qxc5 {[%clk 1:00:54]} 16.bxc5 {[%clk
0:26:01]} 16...Na6 {[%clk 1:01:15]} 17.Bd2 {[%clk 0:17:56]} 1/2-1/2

[Event "Najdorf Memorial"]
[Site "Warsaw POL"]
[Date "2021.07.14"]
[Round "5.26"]
[White "Chylewski, Patryk"]
[Black "Majek, Kacper"]
[Result "1-0"]
[WhiteElo "2290"]
[BlackElo "2018"]
[EventDate "2021.07.10"]
[PlyCount "61"]
[LiveChessVersion "1.4.8"]

1.d4 {[%clk 1:30:55]} 1...d5 {[%clk 1:30:35]} 2.c4 {[%clk 1:31:03]} 2...e6
{[%clk 1:31:02]} 3.Nc3 {[%clk 1:31:26]} 3...Nf6 {[%clk 1:31:27]} 4.Nf3 {[%clk
1:31:52]} 4...Be7 {[%clk 1:31:51]} 5.Bf4 {[%clk 1:32:18]} 5...O-O {[%clk
1:32:08]} 6.e3 {[%clk 1:32:45]} 6...c5 {[%clk 1:32:34]} 7.dxc5 {[%clk 1:31:45]}
7...Bxc5 {[%clk 1:32:34]} 8.Qc2 {[%clk 1:31:53]} 8...Nc6 {[%clk 1:32:42]}
9.O-O-O {[%clk 1:30:26]} 9...Qa5 {[%clk 1:30:17]} 10.Kb1 {[%clk 1:30:05]}
10...dxc4 {[%clk 1:28:55]} 11.Bxc4 {[%clk 1:29:52]} 11...a6 {[%clk 1:27:52]}
12.Ne4 {[%clk 1:26:07]} 12...Be7 {[%clk 1:19:03]} 13.Bd6 {[%clk 1:23:47]}
13...Bxd6 {[%clk 0:50:04]} 14.Nxf6+ {[%clk 1:15:33]} 14...gxf6 {[%clk 0:50:28]}
15.Rxd6 {[%clk 1:15:58]} 15...Qc5 {[%clk 0:47:00]} 16.Rhd1 {[%clk 1:15:48]}
16...b5 {[%clk 0:45:17]} 17.Qe4 {[%clk 1:09:02]} 17...Qxc4 {[%clk 0:39:36]}
18.Qxc4 {[%clk 1:07:55]} 18...bxc4 {[%clk 0:40:04]} 19.Rxc6 {[%clk 1:08:17]}
19...Bb7 {[%clk 0:39:23]} 20.Rxc4 {[%clk 1:08:12]} 20...Kh8 {[%clk 0:37:57]}
21.Ne1 {[%clk 1:07:57]} 21...Rfd8 {[%clk 0:31:34]} 22.Rxd8+ {[%clk 1:05:53]}
22...Rxd8 {[%clk 0:32:01]} 23.Rd4 {[%clk 1:04:15]} 23...Bd5 {[%clk 0:29:53]}
24.f3 {[%clk 0:59:40]} 24...f5 {[%clk 0:27:19]} 25.b3 {[%clk 0:58:25]} 25...Rb8
{[%clk 0:18:07]} 26.Kb2 {[%clk 0:57:48]} 26...Kg7 {[%clk 0:18:26]} 27.Nd3
{[%clk 0:56:18]} 27...Kf6 {[%clk 0:18:42]} 28.Nf4 {[%clk 0:52:16]} 28...Ba8
{[%clk 0:17:50]} 29.Rd6 {[%clk 0:52:15]} 29...Bb7 {[%clk 0:15:02]} 30.Rb6
{[%clk 0:50:03]} 30...Ke5 {[%clk 0:14:50]} 31.b4 {[%clk 0:49:22]} 1-0